Beaver damage management.

Bibliographic Details
Format: Government Document eBook
Language:English
Published: [Riverdale, Md.] : Wildlife Services, 2011.
Series:APHIS factsheet.
Subjects:
Online Access:https://purl.fdlp.gov/GPO/gpo120636

MARC

Tag First Indicator Second Indicator Subfields
LEADER 00000nam a2200000 i 4500
001 in00004066821
005 20190805140152.0
006 m o d f
007 cr cn|||||||||
008 181221s2011 mdua o f000 0 eng c
035 |a (OCoLC)on1079910405 
042 |a pcc 
043 |a n-us--- 
040 |a AGL  |b eng  |e rda  |e pn  |c AGL  |d AGL  |d OCLCF  |d GPO  |d MvI 
049 |a WWW 
074 |a 0030-A-29 (online) 
086 0 |a A 101.31:B 38 
245 0 0 |a Beaver damage management. 
264 1 |a [Riverdale, Md.] :  |b Wildlife Services,  |c 2011. 
300 |a 1 online resource (3 unnumbered pages) :  |b color illustrations. 
336 |a text  |b txt  |2 rdacontent 
337 |a computer  |b c  |2 rdamedia 
338 |a online resource  |b cr  |2 rdacarrier 
490 1 |a Factsheet / Wildlife Services 
500 |a "January 2011." 
588 |a Description based on online resource, PDF version; title from caption (APHIS, viewed December 19, 2018). 
650 0 |a Beavers  |x Control  |z United States. 
650 0 |a Wildlife management  |z United States. 
650 0 |a Wildlife pests  |x Control  |z United States. 
650 7 |a Beavers  |x Control.  |2 fast  |0 (OCoLC)fst00829423 
650 7 |a Wildlife management.  |2 fast  |0 (OCoLC)fst01175323 
651 7 |a United States.  |2 fast  |0 (OCoLC)fst01204155 
710 2 |a Wildlife Services (U.S.),  |e issuing body. 
830 0 |a APHIS factsheet. 
856 4 0 |u https://purl.fdlp.gov/GPO/gpo120636  |t 0 
999 f f |s aae18e3b-3edb-38a5-91f7-0fbd0073f62a  |i 3f863941-c15d-382d-a3fc-d5658ae5a34b  |t 0 
952 f f |a Texas A&M University  |b College Station  |c Electronic Resources  |d Available Online  |t 0  |e A 101.31:B 38  |h Superintendent of Documents classification 
998 f f |a A 101.31:B 38  |t 0  |l Available Online